Christ's image

Guardat en:
Dades bibliogràfiques
Autor principal: Mauriac, François (autor)
Format: Llibre
Idioma:anglès
Publicat: París Pierre Tisné 1939
Matèries:
Etiquetes: Afegir etiqueta
Sense etiquetes, Sigues el primer a etiquetar aquest registre!

MARC

LEADER 00000nam a2200000 a 4500
001 UCZ4044
003 CL-VaPUC
008 951106e19390000FR |||||||||||||||||eng|d
082 0 4 |a 755.948  |b MAU  |2 21 
100 |a Mauriac, François  |e autor  |9 304055 
245 1 0 |a Christ's image 
300 |a 128 p 
942 |c BK 
945 |d 19951106 00:00:00  |a rbrito 
260 |a París  |b Pierre Tisné  |c 1939 
600 0 |a Jesús  |9 313614 
650 7 |a PINTURA RELIGIOSA  |2 CL-VaPUC  |9 340359 
650 0 |a Arte religioso  |9 330545 
583 |a last modification  |c 20160920 04:17:03  |k Rodrigo Vera 
999 |c 240481  |d 240479 
952 |0 0  |1 0  |4 0  |6 755_948000000000000_MAU_1939  |7 0  |8 A  |9 252366  |a BIBARQ  |b BIBARQ  |d 2019-11-18  |i 3142566  |o 755.948 MAU 1939  |p 3142566  |r 2025-01-20  |w 2019-11-18  |y BK  |k ARQ